000 00304nam a2200121Ia 4500
008 240731s9999 xx 000 0 und d
022 _a2574-2450
245 0 _aAuditory Perception & Cognition
260 _bRoutledge
856 _uhttps://www.tandfonline.com/loi/rpac20
942 _2ddc
942 _cTFEJ
999 _c75495
_d75495
945 _a1
_bMadushi Gamage
_c1
_dMadushi Gamage